| 000 | 00860nam a22001697a 4500 | ||
|---|---|---|---|
| 003 | LRUA | ||
| 005 | 20230313165419.0 | ||
| 008 | 230313b xxu||||| |||| 00| 0 eng d | ||
| 040 | _cRUA | ||
| 082 |
_aFOR _2 CHA 2008 B135 Or.1 |
||
| 100 | _aCHAN, NARA. | ||
| 245 | _aStudy on collection and utilization of non-timer forest products in meanrith commune sandann district kampong thom province, ការសិក្សាពីការប្រមូលផល និងការប្រើប្រាស់អនុផលព្រៃឈើនៅក្នុងឃុំមានរិទ្ធ ស្រុកសណ្ដាន់ ខេត្តកំពង់ធំ | ||
| 260 |
_aPhnom Penh _bRUA _c2008 |
||
| 300 |
_axi; 47p. _bill. _c29cm. |
||
| 856 | _uhttps://drive.google.com/file/d/1kc9WS7bPet6N6vWV-jEJo0JzRWZ8Hmc3/view?usp=sharing | ||
| 942 |
_cFOR _2ddc |
||
| 999 |
_c3362 _d3362 |
||